| 000 | 02252nam a2200397 c 4500 | ||
|---|---|---|---|
| 999 |
_c175088 _d175088 |
||
| 003 | BLK | ||
| 005 | 20250620005647.0 | ||
| 008 | 180411b bul|||||r ||||||| ||bul|| | ||
| 010 | _aKNG00183614000 | ||
| 020 | _a978-954-733-819-7 | ||
| 040 | _aBLK | ||
| 041 |
_aBUL _cBUL |
||
| 072 | 7 |
_2bullib _aН83 _xЧужда художествена литература Н |
|
| 072 | 7 |
_2bullib _aЛ03 _xСебепознание. Мисловни техники. Психология. Парапсихология |
|
| 080 |
_aНемска литература _b821.112.2 _x-322.2 _z821.112.2-322.2 |
||
| 080 |
_aПсихотерапия - Психодрама, лечение по системата на йогите, колективна психотерапия, терапевтично влияние на музиката, изкуство. Медитация - психотерапевтични аспекти. Самовнушение. Вж и 616.89 _b615.851 _x(0:82-97) _z615.851(0:82-97) |
||
| 080 |
_aОсобености на духовния живот. Съзнание. Духовно развитие на човека. Диференциална психология. Генетична психология. Еволюционна психология _b159.922 _x(0:82-97) _z159.922(0:82-97) |
||
| 100 | 1 |
_aХерц, Моника _eпърви автор _9340010 |
|
| 139 |
_aХерц, Моника _bХ 44 |
||
| 245 | 1 | 0 |
_aИстории, които лекуват _bЗдраве за тялото и духа _cМоника Херц; прев. Ваня Илиева Пенева. |
| 257 | _aDEU | ||
| 260 |
_bПрозорец _c2014 _fСофия : Инвестпрес |
||
| 300 |
_a135 с. _c20 см |
||
| 380 | _aX | ||
| 500 | _aОриг. загл.: Geschichten, die heilen / Monika Herz | ||
| 659 | _aЛ | ||
| 659 | _aН | ||
| 700 |
_aПенева, Ваня Илиева _d1957- _gПреводач от немски, английски и руски език. _eпрев. _9363755 |
||
| 852 | _aЦб 277441 | ||
| 856 | 4 | _qpdf | |
| 856 | 4 | _qpdf | |
| 942 |
_cKNG _n0 _s1 _011 |
||
| 944 |
_aCR _c14.10.2015 _k _lCRON CRON |
||
| 944 |
_aED _c29.01.2016 _kГеновева_Генчева |
||
| 999 | _d175088 | ||